Les prénoms les plus sexy selon les Américains - Statistiques

Statistiques générales
  • Ce quiz a été pris 78 fois
  • Le résultat moyen est 2 sur 20
Statistiques - réponses
INDICE PRENOM % Correct
9 A Adrianna
28%
4 R Romeo
17%
1 A Alessandro
15%
4 A Anaïs
15%
3 N Natalia
15%
1 S Scarlett
15%
6 D Dimitri
12%
2 L Lorenzo
12%
10 R Rémy
12%
2 N Nicolette
7%
7 D Dane
5%
5 M Mateo
3%
5 P Paulina
3%
6 A Alessandra
2%
8 M Marcelo
2%
3 R Rhett
2%
8 S Soraya
2%
7 C Chanel
0%
9 D Dante
0%
10 G Giuliana
0%
Aucun quiz correspondant
Distribution des résultats
% des personnes avec chaque résultat
Percentile par nombre de réponses
Votre historique - résultats
Vous n’avez pas pris ce quiz